| 000 | 00936nam0a22002531 4500 | ||
|---|---|---|---|
| 001 | rc\3590714 | ||
| 005 | 20130115142243.5 | ||
| 035 | _a(NLR Aleph) 007702314 | ||
| 090 |
_a6760002 _c6760002 |
||
| 100 | _a20130115d1970 |||y0rusy50 ca | ||
| 101 | 0 | _arus | |
| 102 | _aRU | ||
| 105 | _aa z ||||| | ||
| 200 | 1 |
_aПатогенетические механизмы аденомы и рака предстательной железы _fПод ред. засл. деятеля науки РСФСР, проф. А.М. Гаспаряна |
|
| 210 |
_aЛенинград _cМедицина. Ленингр. отд-ние _d1970 |
||
| 215 |
_a320 с. _cил. _d22 |
||
| 320 | _aБиблиогр.: с. 292-319 | ||
| 700 | 1 |
_aПортной _bА. С. _gАрон Самойлович |
|
| 702 | 1 |
_aГаспарян _bА. М. _4340 |
|
| 801 | 0 |
_aRU _bNLR _gpsbo |
|
| 801 | 1 |
_aRU _bELAR _2rusmarc |
|
| 852 |
_aNLR _j69-5/6597 |
||
| 942 | _cBOOK | ||
| 980 | _aNB | ||